00233nam a2200097Ia 4500008004100000100001400041245002500055260003300080300001000113650001200123190216s9999||||xx |||||||||||||| ||und|| aGupta B D 0aMathematical Physics bVani Educational Booksc1978 a1238p aPhysics